000 00864nas a2200265 4500
001 BR0105354
003 BR-BrBNA
005 20231205102701.0
007 ta
008 230509b bl.|||p| |||| 00| 00por d
040 _aBR-BrBNA
_bpor
_cBiblioteca Nacional de Agricultura
041 _a(Pt)
072 _aQ03
100 1 _aNavickiene, S.
100 1 _aRibeiro, M.L.
245 1 _aProcedimento simplificado de extração para análise de resíduos de carbendazim em uva por cromatografia a líquido de alta eficiência
650 _aUva
650 _aFungicida
650 _aAnálise Química
650 _aMétodo
650 _aCromatografia
773 0 _tPesticidas. Revista de Ecotoxicologia e Meio Ambiente (Brazil)
_xISSN 0103-7277
_g(Jan-Dec 2000), v. 10 p. 23-30
_wBR0105354
909 _a202311
_bLúcia
_c55
_dLúcia Elande
942 _2AGRIS
_n0
_cANA
999 _c168803
_d168803